Zlepšenie funkčných vlastností povrchov bavlnených textílií nízkoteplotnou plazmou bakalárska práca
Salvato in:
| Autore principale: | |
|---|---|
| Natura: | Libro |
| Lingua: | slovacco |
| Pubblicazione: |
Bratislava
STUFCHPT
2013
|
| Accesso online: | Visualizza in OPAC |
| Tags: |
Nessun Tag, puoi essere il primo ad aggiungerne!!
|
MARC
| LEADER | 00000nam a2200000 a 4500 | ||
|---|---|---|---|
| 005 | 20260127134314.0 | ||
| 008 | 131121 2013 000 0 slo d | ||
| 035 | |a vtls010559810 | ||
| 039 | 9 | |y 201311210918 |z mschk03 | |
| 040 | |a STUSCHK1 |b slo |c STUSCHK1 |e AACR2 | ||
| 100 | 1 | |a Hýlová, Miroslava | |
| 245 | 1 | |a Zlepšenie funkčných vlastností povrchov bavlnených textílií nízkoteplotnou plazmou |b bakalárska práca |c Miroslava Hýlová | |
| 260 | |a Bratislava |b STUFCHPT |c 2013 | ||
| 300 | |a 44 s. |b il. |c 30 cm | ||
| 500 | |a Obhájené: 11.07.2013 | ||
| 500 | |a Štud. program: Chémia a medicínska chémia | ||
| 500 | |a Štud. odbor: Chémia, chemické technológie | ||
| 500 | |a Škol. pracovisko: Odd. vlákien a textilu | ||
| 500 | |a Evid. číslo: FCHPT-5427-68542 | ||
| 910 | |a SCHK95 | ||
| 999 | |c 9334 |d 9334 | ||